• 首页
  • 本馆介绍
  • 公告通知
  • 最新文献
  • 馆藏检索
  • 电子资源
  • 读者导购
  • 参考咨询
  • 我的图书馆
  • 登录
  • 详细信息显示
  • 放入我的书架
  • 预约/预借图书
  • 作者相关作品
  • 分类相关作品
  • 丛书相关作品
  • 出版社相关作品

书目信息

  • 表格格式
  • 工作单格式
  • 卡片格式
题名:
有限群构造
    
 
作者: 张远达 著
分册: 上册  
出版信息: 北京   科学出版社  1982
页数: 425页
开本: 21cm
丛书名: 现代数学基础丛书
单 册:
中图分类: O152.1
科图分类:
主题词: 代数 , 组合数学 , 数论
电子资源:
ISBN:
000 00753nam2 2200289 45
001 0182000618
005 20060510161742.12
010    @dCNY2.55
091    @a13031.2031
100    @a19950525d1982 em y0chiy0121 ea
101 0  @achi
102    @aCN@b110000
105    @ay z 000yy
200 10 @a有限群构造@Ayou xian qun gou zao@h上册@f张远达著@Fzhang yuan da zhu
210    @a北京@c科学出版社@d1982
215    @a425页@d21cm
225 2  @a现代数学基础丛书
410  0 @120010@a现代数学基础丛书
517    @a上册@AShang Ce
606 0  @a代数
606 0  @a组合数学
606 0  @a数论
690    @aO152.1@v3
701  0 @a张远达@Azhang yuan da@4著
801  2 @aCN@bNLC@c20060510
801  0 @aCN@b上海图书馆@c20040616
905    @dO152.1@e3:1
    
    有限群构造.上册/张远达著.-北京:科学出版社,1982
    425页;21cm.-(现代数学基础丛书)
    
    
    ISBN :CNY2.55
    
●
相关链接 在E读中查询图书 在五车中查询图书 在当当中查询图书 在豆瓣中查询图书


正题名:有限群构造     索取号:O152.1/3:1         预约/预借

序号 登录号 条形码 馆藏地/架位号 状态 备注
1 0077298   000412208   第三借阅区/ [索取号:O152.1/3:1] 在馆    
2 0077299   000412217   第二样本阅览室/ [索取号:O152.1/3:1] 在馆    
3 0077300   202312247   密集书库/ [索取号:O152.1/3:1] 在馆    
唐山师范学院图书馆 欢迎您!
大连网信软件有限公司© 版权所有